The hit-away kid / (Record no. 3041)

MARC details
000 -LEADER
fixed length control field 01225cam a2200337 a 4500
001 - CONTROL NUMBER
control field 3041
003 - CONTROL NUMBER IDENTIFIER
control field FISKH
005 - DATE AND TIME OF LATEST TRANSACTION
control field 20240529092517.0
008 - FIXED-LENGTH DATA ELEMENTS--GENERAL INFORMATION
fixed length control field 870813s1988 maua j 000 1 eng
010 ## - LIBRARY OF CONGRESS CONTROL NUMBER
LC control number 87024406
020 ## - INTERNATIONAL STANDARD BOOK NUMBER
International Standard Book Number 0316139955 :
040 ## - CATALOGING SOURCE
Original cataloging agency DLC
Transcribing agency DLC
Modifying agency DLC
Language of cataloging eng
042 ## - AUTHENTICATION CODE
Authentication code lcac
050 00 - LIBRARY OF CONGRESS CALL NUMBER
Classification number PZ7.C458
Item number Hi 1988
082 00 - DEWEY DECIMAL CLASSIFICATION NUMBER
Classification number [E]
Edition number 19
100 1# - MAIN ENTRY--PERSONAL NAME
Personal name Christopher, Matt,
Dates associated with a name 1917-1997.
245 14 - TITLE STATEMENT
Title The hit-away kid /
Statement of responsibility, etc. by Matt Christopher ; illustrated by George Ulrich ; Cover by Bert Dodson
250 ## - EDITION STATEMENT
Edition statement First Scholastic printing, April 1994
260 ## - PUBLICATION, DISTRIBUTION, ETC.
Place of publication, distribution, etc. New York :
Name of publisher, distributor, etc. Scholastic,
Date of publication, distribution, etc. 1988
300 ## - PHYSICAL DESCRIPTION
Extent 60 pages :
Other physical details illustrations ;
Dimensions 20 cm
490 0# - SERIES STATEMENT
Series statement A Springboard book
505 ## - FORMATTED CONTENTS NOTE
Formatted contents note Q<br/>
520 ## - SUMMARY, ETC.
Summary, etc. Barry McGee, hit-away batter for the Peach Street Mudders, enjoys winning so much that he has a tendency to bend the rules; then the dirty tactics of the pitcher on a rival team give him a new perspective on sports ethics.
521 8# - TARGET AUDIENCE NOTE
Target audience note 660<br/>
Source Lexile <br/>
521 8# - TARGET AUDIENCE NOTE
Target audience note Q<br/>
Source Raz-Plus <br/>
650 #1 - SUBJECT ADDED ENTRY--TOPICAL TERM
Topical term or geographic name entry element Baseball
General subdivision Fiction.
650 #1 - SUBJECT ADDED ENTRY--TOPICAL TERM
Topical term or geographic name entry element Conduct of life
General subdivision Fiction.
700 1# - ADDED ENTRY--PERSONAL NAME
Personal name Ulrich, George,
Relator term illustrator
906 ## - LOCAL DATA ELEMENT F, LDF (RLIN)
a 7
b cbc
c orignew
d 1
e ocip
f 19
g y-gencatlg
942 ## - ADDED ENTRY ELEMENTS (KOHA)
Source of classification or shelving scheme Dewey Decimal Classification
Koha item type Books
Suppress in OPAC No
Holdings
Withdrawn status Lost status Source of classification or shelving scheme Damaged status Not for loan Collection Home library Current library Shelving location Date acquired Total Checkouts Full call number Barcode Date last seen Copy number Price effective from Koha item type
    Dewey Decimal Classification     Juvenile Fiction Footprints International School Library Network Toul Kork Campus Footprints International School Library Network Toul Kork Campus TK Primary Library Room(4th Floor), Bookcase 5&6, Shelves 33-56, Orange Books 01/31/2024   CHR Fic PZ7.C458 FISBK00575 01/31/2024 1 01/31/2024 Books
    Dewey Decimal Classification     Fiction Footprints International School Library Network Toul Kork Campus Footprints International School Library Network Toul Kork Campus   03/12/2024   CHR Fic PZ7.C458 2024-0310 03/12/2024 2 03/12/2024 Books
    Dewey Decimal Classification     Juvenile Fiction Footprints International School Library Network Toul Kork Campus Footprints International School Library Network Toul Kork Campus TK Primary Library Room(4th Floor), Bookcase 5&6, Shelves 33-56, Orange Books 05/29/2024   CHR Fic PZ7.C458 FISTK00365 05/29/2024 3 05/29/2024 Books